000 00358nam a2200157Ia 4500
003 OSt
005 20240321155029.0
008 170524s9999 xx 000 0 und d
020 _a ‎ 9388612051
040 _cIIMTU MEERUT
100 _aTripathi-S.M.
245 0 _aMan- Mind and Nature
260 _bGlobel vision Pub
260 _c2001
942 _2ddc
_c02
999 _c6526
_d6526